000 00846nam a2200229 i 4500
001 184640
003 ES-MaACL
005 20230906222238.0
007 t|
008 151029s1962 sp ||||1| spa d
100 1 _aBelorgey, Godefroid.
_927315
245 1 3 _aLa humildad según San Benito
_b: un programa de perfección para las almas /
_cpor Dom Godofredo Belorgey, abad del Císter ; traducida del francés por... Dom Buenaventura Ramos, abad de San Isidro de Dueñas.
260 _aMadrid :
_bPerpetuo Socorro,
_c[1962]
300 _aXVIII + 311 pág. ;
_c17 cm.
490 1 _aEspíritu Trapense ;
_v1
600 0 4 _aBenito
_cSanto.
_927667
650 4 _aHumildad.
_9158040
700 1 _aRamos Caballero, Buenaventura.
_995288
830 0 _aEspíritu Trapense ;
_v1
_9192221
852 _aES-MaACL
_jE-3868
999 _c184640
_d184640